| 000 | 00383 a2200145 4500 | ||
|---|---|---|---|
| 001 | 178387 | ||
| 020 | _a | ||
| 040 | _cMagnum | ||
| 100 | _aAlunos da 1ยช Serie de 2000/monteiro Lobato | ||
| 240 | 1 | 0 |
_aBrincando com a turma do monteiro lobato _lpor |
| 245 | 1 | 0 | _aBrincando com a turma do monteiro lobato |
| 362 | 0 | _a1899 | |
| 697 | _aMAGNITO: IJ/AVENTURA, CRIANCAS | ||
| 942 | _cBK | ||
| 999 |
_c178387 _d178387 |
||